000 00746nam a2200205 4500
003 LK-CoMWRAF
005 20240119212655.0
008 230828b1994 |||||||| |||| 00| 0 eng d
020 _a9559556024
040 _aLK-CoMWRAF
_dLK-CoMWRAF
_eLK-CoMWRAF
041 _asin
082 _a891.483
_bBAR
100 _aබැරන්, නැන්සි
_vBaran, Nancy
245 _aධෛයීර්්‍ය සොයාගත් අලි පැටියා
246 _aDhayiryaya soyagath ali patiya
650 _aසිංහල ළමා කථා
700 _aවෙත්තසිංහ, කුසල
_etrans.
_yweththasinghe, Kusala
700 _aවෙත්තසිංහ, සිබිල්
_eills.
_yweththasinghe, Sybil
942 _cBK
999 _c3287
_d3287